01647nam a22003254a 4500001001200000003000800012006001900020007001500039008004100054010001700095020003800112020003500150040002100185035002000206050002400226082002100250100002100271245008900292260005400381300002400435504005100459505039600510533015200906650004801058655002901106700002601135710001701161856012601178999001701304ebr10243477CaPaEBRm u cr cn|||||||||041013s2005 enka sb 001 0 eng  z 2004024235 z9780632052943 (pbk. : alk. paper) z0632052945 (pbk. : alk. paper) aCaPaEBRcCaPaEBR a(OCoLC)6126633514aRC802b.S615 2005eb04a616.3/3/02312221 aSmith, Graeme D.10aGastrointestinal nursingh[electronic resource] /cGraeme D. Smith and Roger Watson. aOxford ;aMalden, MA :bBlackwell Science,c2005. avii, 207 p. :bill. aIncludes bibliographical references and index.0 aAn overview of the gastrointestinal tract -- The oesophagus -- The stomach -- The small intestine -- The large intestine -- The liver -- The biliary system -- The pancreas -- Diagnostic tests and procedures in gastroenterology -- Emergencies of the gastrointestinal tract -- Pharmacology in gastroenterology -- Psychosocial factors in gastroenterology -- Quality of life in gastroenterology. aElectronic reproduction.bPalo Alto, Calif. :cebrary,d2013.nAvailable via World Wide Web.nAccess may be limited to ebrary affiliated libraries. 0aGastrointestinal systemxDiseasesxNursing. 7aElectronic books.2local1 aWatson, Roger,d1955-2 aebrary, Inc.40uhttp://site.ebrary.com/lib/rucke/Doc?id=10243477zAn electronic book accessible through the World Wide Web; click to view c36607d36607